Revitálizácia okolia Vrbického plesa a zníženie ekologickej záťaže v riešenom území.
Na minha lista:
| Autor principal: | |
|---|---|
| Outros Autores: | |
| Formato: | Manuscrito Livro |
| Idioma: | eslovaco |
| Publicado em: |
2020
|
| Assuntos: | |
| Acesso em linha: | http://is.stuba.sk/zp/portal_zp.pl?podrobnosti=152032 https://opac.crzp.sk/?fn=detailBiblioForm&sid=23A5A917B76C11E746ACEE80CF65 |
| Tags: |
Sem tags, seja o primeiro a adicionar uma tag!
|
MARC
| LEADER | 00000ntm a22000003a 4500 | ||
|---|---|---|---|
| 001 | stuzp81150 | ||
| 003 | SK-STU | ||
| 005 | 20230519110123.4 | ||
| 007 | ta | ||
| 008 | 150427s2015----xo-----f-mn---000-0-slo-d | ||
| 040 | |a STU |b slo | ||
| 041 | 0 | |a slo | |
| 100 | 1 | |a Kureková, Radka |u 010160 |4 aut |U SvF Stavebná fakulta |T SvF Katedra vodného hospodárstva krajiny |X 77149 |U V160 |Y 16 |7 77149 | |
| 242 | 0 | 1 | |a Revitalization of the surroundings of the Vrbické pleso and reduction of the ecological burden in the solved area |y eng |
| 245 | 1 | 0 | |a Revitálizácia okolia Vrbického plesa a zníženie ekologickej záťaže v riešenom území. |
| 260 | |c 2020 | ||
| 650 | 4 | |a ľadovcové pleso |2 slo | |
| 650 | 4 | |a ekologická záťaž |2 slo | |
| 650 | 4 | |a ochrana životného prostredia |2 slo | |
| 650 | 4 | |a revitalizácia |2 slo | |
| 650 | 4 | |a ecological burden |2 eng | |
| 650 | 4 | |a revitalization |2 eng | |
| 650 | 4 | |a environmental protection |2 eng | |
| 650 | 4 | |a glacial lake |2 eng | |
| 700 | 1 | |a Stankoci, Ivan |u 057170 |k Z1 |4 ths |U FAD Fakulta architektúry |T FA Ústav krajinnej a záhradnej architektúry |X 5043 |U A7170 |Y 398 |7 A000005043 | |
| 856 | 4 | |u http://is.stuba.sk/zp/portal_zp.pl?podrobnosti=152032 | |
| 856 | 4 | |u https://opac.crzp.sk/?fn=detailBiblioForm&sid=23A5A917B76C11E746ACEE80CF65 | |